Inner edge (Record no. 170687)

000 -LEADER
fixed length control field 00338nam a2200109Ia 4500
008 - FIXED-LENGTH DATA ELEMENTS--GENERAL INFORMATION
fixed length control field 220217s9999||||xx |||||||||||||| ||und||
100 ## - MAIN ENTRY--PERSONAL NAME
Personal name Wedemeyer, Richard, A Jue, Ronald, W
9 (RLIN) 3010
245 #0 - TITLE STATEMENT
Title Inner edge
260 ## - PUBLICATION, DISTRIBUTION, ETC.
Place of publication, distribution, etc. Tata mcgraw hill company Ltd
Name of publisher, distributor, etc. New Delhi
Date of publication, distribution, etc. 2002
300 ## - PHYSICAL DESCRIPTION
Extent XVII,317p
Other physical details 295
650 ## - SUBJECT ADDED ENTRY--TOPICAL TERM
Topical term or geographic name entry element ENGLISH GENERAL BOOKS
9 (RLIN) 691
Holdings
Withdrawn status Lost status Damaged status Not for loan Collection code Home library Current library Shelving location Date acquired Barcode Date last seen Price effective from Koha item type
        Humanity Science Central Library Central Library Reference 02/18/2022 5876 02/18/2022 02/18/2022 Books

Powered by Koha